000 01010nam1a22002291i 4500
001 rc\1043171
005 20240723225444.0
011 _a0207-1126
035 _a(NLR Aleph) 006249308
090 _a6736559
_c6736559
100 _a20041129g19819999u |0rusy50 ca
101 0 _arus
102 _aRU
105 _ay |||||||||
200 1 _aКнижная летопись
_iДополнительный выпуск. Авторефераты диссертаций
_eГос. библиогр. указ.
_fВсесоюз. кн. палата
210 _aМ.
_cКнига
_d1981-
300 _aОбразовалось в результате разделения изд.: Книжная летопись. Дополнительный выпуск (Ш.: 423/5, С П-1/2)
300 _aВ надзаг. также: Гос. ком. СССР по делам изд-в, полиграфии и кн. торговли
801 0 _aRU
_bNLR
_gpsbo
801 1 _aRU
_bELAR
_2rusmarc
852 _aNLR
_bС
_jП-1/1465
942 _cBOOK